| 000 | 01016nam a2200241 i 4500 | ||
|---|---|---|---|
| 001 | 25387 | ||
| 003 | ES-MaACL | ||
| 005 | 20251013193705.0 | ||
| 007 | t| | ||
| 008 | 021226m19701973sp abo e ||||1|dspa d | ||
| 080 | _a030 | ||
| 080 | _a03=60 | ||
| 245 | 0 | 0 |
_aArgos _b: enciclopedia general : [edición española] / _c[director, Enrique Sordo ; dibujantes, Ismael Balanyà, Ángel Lagueruela]. |
| 246 | 3 | 0 | _aEnciclopedia general |
| 260 |
_aBarcelona : _bArgos, _c[1970-73] |
||
| 300 |
_a9 v. : _bil. col. y n., mapas, fot. ; _c28 cm. |
||
| 505 | 8 |
_aContiene: t. I ; _tAalsmeer-Bizet - t. II ; _tBlanc-Czerny - t. III ; _tChablis-Fedra - t. IV ; _tFedro-Huygens - t. V ; _tIba-Malawi - t. VI ; _tMalaya-Nomo - t. VII ; _tNonell-Pólder - t. VIII ; _tPolea-Ryswick - t. IX ; _tS.A.-Toynbee |
|
| 650 |
_aEnciclopedias. _912235 |
||
| 700 | 1 |
_aSordo, Enrique. _9107330 |
|
| 700 | 1 |
_aBalanyà, Ismael, _d1921- _9161475 |
|
| 852 |
_aES-MaACL _jL-31143-51 _z- enc. guaflex _q(Falta v. 10) |
||
| 999 |
_c25387 _d25387 |
||